MARC

LEADER 00000nam0a2200000 4500
001 361598
005 20231102011414.0
035 |a (RuTPU)RU\TPU\retro\18928 
090 |a 361598 
100 |a 20210624d1964 km y0rusy50 ca 
101 0 |a rus 
102 |a RU 
105 |a af z 001zy 
200 1 |a Производство стеклянной тары  |f А. Е. Котляр 
210 |a Москва  |c Легкая индустрия  |d 1964 
215 |a 360 с.  |c ил.  |e Прилож.: 4 вукл. л. 
320 |a Библиогр.: с. 356-357 
606 1 |a Тара стеклянная  |x Производство  |2 stltpush  |3 (RuTPU)RU\TPU\subj\34652  |9 56555 
610 1 |a тарные изделия 
610 1 |a стекло 
610 1 |a сырьевые материалы 
610 1 |a варка 
610 1 |a пороки 
610 1 |a стеклодувные работы 
610 1 |a стеклоформующие машины 
610 1 |a питание 
610 1 |a капельное питание 
610 1 |a вакуумное питание 
610 1 |a прессовые механизмы 
610 1 |a автоматические линии 
610 1 |a отжиг 
610 1 |a хранение 
610 1 |a транспортировка 
610 1 |a контроль 
610 1 |a требования 
610 1 |a монтаж 
610 1 |a технологическое оборудование 
675 |a 666.17  |v 4 
700 1 |a Котляр  |b А. Е.  |g Абрам Евсеевич 
801 1 |a RU  |b 63413507  |c 20210624 
942 |c BK